Películas de Marvel anteriores a Infinity War - Estadísticas

Estadísticas generales
  • Esta prueba ha sido intentada 1.115 veces
    1.107 desde el último reinicio
  • La puntuación promedio es 14 de 20
Estadísticas de respuestas
Películas de Marvel anteriores a Infinity War % Correcto
Iron Man
98%
Capitán América: el primer vengador
97%
Thor
94%
Iron Man 2
93%
Iron Man 3
92%
Hulk
90%
Capitán América: Civil War
81%
Spiderman: Homecoming
79%
Los Vengadores
78%
Thor Ragnarok
78%
Ant-Man
76%
Guardianes de la Galaxia
69%
Thor 2: el mundo oscuro
66%
Capitana Marvel
60%
Black Panther
58%
Guardianes de la Galaxia 2
58%
Los Vengadores: la era de Ultrón
56%
Ant-Man y la Avispa
50%
Capitán América: el soldado de invierno
41%
Dr Strange
35%
No se encontraron pruebas coincidentes
Distribución de puntuación
Porcentaje de gente con cada puntuación
Porcentaje por número respondido
Historial de tus puntuaciones
No has intentado esta prueba desde el último reinicio